|
|
|
|
| LEADER |
00000nam0a2200000 4500 |
| 001 |
286599 |
| 005 |
20231101235916.0 |
| 020 |
|
|
|a RU
|b 85-65159
|
| 035 |
|
|
|a (RuTPU)RU\TPU\book\310919
|
| 090 |
|
|
|a 286599
|
| 100 |
|
|
|a 20150306d1985 k y0rusy5003 ca
|
| 101 |
0 |
|
|a rus
|
| 102 |
|
|
|a RU
|
| 105 |
|
|
|a y z 001zy
|
| 200 |
1 |
|
|a Операторы и их приложения (Приближение функций. Уравнения)
|e межвузовский сборник научных трудов
|f Ленинградский государственный педагогический институт им. А. И. Герцена (ЛГПИ)
|
| 210 |
|
|
|a Ленинград
|c Изд-во ЛГПИ
|d 1985
|
| 215 |
|
|
|a 112 с.
|
| 320 |
|
|
|a Библиогр. в конце ст.
|
| 606 |
|
|
|a Операторы, теория
|x (математика)
|2 stltpush
|3 (RuTPU)RU\TPU\subj\47033
|9 66101
|
| 610 |
1 |
|
|a высшая математика
|
| 610 |
1 |
|
|a приложения
|
| 610 |
1 |
|
|a теория
|
| 610 |
1 |
|
|a функции
|
| 610 |
1 |
|
|a уравнения
|
| 610 |
1 |
|
|a уравнения
|
| 610 |
1 |
|
|a пространства
|
| 675 |
|
|
|a 517.98
|z rus
|v 3
|
| 712 |
0 |
2 |
|a Ленинградский государственный педагогический институт им. А. И. Герцена (ЛГПИ)
|2 stltpush
|3 (RuTPU)RU\TPU\col\8005
|
| 801 |
|
0 |
|a RU
|b RuMRKP
|c 19950704
|g psbo
|
| 801 |
|
1 |
|a RU
|b 63413507
|c 20150306
|
| 801 |
|
2 |
|a RU
|b 63413507
|c 20180116
|g RCR
|
| 942 |
|
|
|c BK
|